| 000 | 00961nac a22003017a 4500 | ||
|---|---|---|---|
| 001 | BR9603951 | ||
| 003 | BR-BrBNA | ||
| 005 | 20240105121800.0 | ||
| 008 | 230509b bl.|||m| |||| 00| 0 por d | ||
| 040 |
_aBR-BrBNA _bpor _cBiblioteca Nacional de Agricultura |
||
| 072 | _aF06; U10 | ||
| 090 | _aF06 BR9603951 | ||
| 100 | 1 | _aQuadros Neto, A.G. de | |
| 100 | 1 | _aRamos, M.M. | |
| 100 | 1 | _aMantovani, E.C. | |
| 100 | 1 | _aSoares, A.A. | |
| 110 | 1 |
_aAssociacao dos Engenheiros Agricolas de Minas Gerais, Vicosa (Brasil) _9584 |
|
| 245 | 1 | _aRegressao multipla como metodo de calculo de sistematizacao de terras | |
| 260 | 3 |
_aVicosa, MG (Brasil): _c1993. |
|
| 300 | _a10 p. | ||
| 490 |
_aEngenharia na Agricultura. Serie Irrigacao e Drenagem (Brazil) _vv. 2(22) _x |
||
| 500 | _aSummaries (En, Pt) | ||
| 650 | _aSolo | ||
| 650 | _aIrrigacao | ||
| 650 | _aModelo Matematico | ||
| 909 |
_a202312 _bLúcia Elande _c55 _dLúcia Elande |
||
| 942 |
_2AGRIS _n0 _cMS |
||
| 999 |
_c287412 _d287412 |
||